Danh nhân đất Việt

Guardat en:
Dades bibliogràfiques
Format: Llibre
Idioma:Undetermined
Publicat: Hà Nội Thanh Niên 1995
Matèries:
Etiquetes: Afegir etiqueta
Sense etiquetes, Sigues el primer a etiquetar aquest registre!
Thư viện lưu trữ: Trung tâm Học liệu Trường Đại học Cần Thơ
LEADER 00480nam a2200169Ia 4500
001 CTU_46628
008 210402s9999 xx 000 0 und d
082 |a 809.3081 
082 |b L106 
245 0 |a Danh nhân đất Việt 
245 0 |c Văn Lang, Quỳnh Cư, Nguyễn Anh 
260 |a Hà Nội 
260 |b Thanh Niên 
260 |c 1995 
650 |a historical fiction, vietnamese 
910 |a Minh 
980 |a Trung tâm Học liệu Trường Đại học Cần Thơ